Psychometrie on-line: Držíme krok s děním ve světě?
Vďaka osvete a nástupu novej generácie manažérov si online psychometria nachádza cestu najmä k personalistom. Najväčšie inzertné servery práce ponúkajú psychometriu ako štandardnú súčasť svojich služieb. K čomu online diagnostika slúži. Prínosy pre personálnych manažérov. Výhody pre líniových manaž...
Salvato in:
| Autore principale: | |
|---|---|
| Natura: | Capitolo di libro |
| Lingua: | ceco |
| Soggetti: | |
| Tags: |
Nessun Tag, puoi essere il primo ad aggiungerne!!
|
MARC
| LEADER | 00000naa a2200000 4500 | ||
|---|---|---|---|
| 001 | 0184343 | ||
| 005 | 20231211094610.9 | ||
| 041 | 0 | |a cze | |
| 044 | |a CZ | ||
| 245 | 1 | 0 | |a Psychometrie on-line: Držíme krok s děním ve světě? |c Lenka Smrčková |
| 520 | |a Vďaka osvete a nástupu novej generácie manažérov si online psychometria nachádza cestu najmä k personalistom. Najväčšie inzertné servery práce ponúkajú psychometriu ako štandardnú súčasť svojich služieb. K čomu online diagnostika slúži. Prínosy pre personálnych manažérov. Výhody pre líniových manažérov a majiteľov firiem. Čo získavajú zamestnanci. Cena závisí od počtu testovaných osôb. | ||
| 610 | 2 | 0 | |a personalisti |
| 610 | 2 | 0 | |a personalistika |
| 610 | 2 | 0 | |a manažéri |
| 610 | 2 | 0 | |a výber pracovníkov |
| 610 | 2 | 0 | |a testy psychologické |
| 610 | 2 | 0 | |a počítače |
| 100 | 1 | |a Smrčková, Lenka | |